2405-四日市あすなろう鉄道の駅 - Statistics

General Stats
  • This quiz has been taken 101 times
    91 since last reset
  • The average score is 7 of 10
Answer Stats
本線 % Correct
あすなろう四日市
98%
内部
89%
西日野
79%
日永
78%
日永
78%
赤堀
59%
56%
南日永
54%
追分
48%
小古曽
48%
No matching quizzes found
Score Distribution
Percent of People with Each Score
Percentile by Number Answered
Your Score History
You have not taken this quiz since the last reset